000 03345nam a22002537a 4500
003 URS
005 20250915110916.0
008 250915b |||||||| |||| 00| 0 eng d
050 0 0 _aLG 221.R59
_b.M7461 2025
100 1 _aCastillo, Monet M.
_eResearcher
245 1 0 _aStakeholders' insights in giving homework to grade 4 Students in Southville 8/
_cMonet M. Castillo, Mary Rose M. Lampasa [and] Charlene A. Sebelina
260 1 _c2025
300 _axi. 68 leaves;
_billustrations,
_c28 cm,
336 _2rdacontent
_atext
337 _2rdamedia
_aunmediated
338 _2rdacarrier
_avolume
502 _aUndergraduate Thesis
_bBachelor of Elementary Education
_cUniversity of Rizal System, Rodriguez, Rizal
_d2025
520 _aThis research focused on investigating the perceptions of the stakeholders' parents, teachers, and school officials on the assignment of homework to Grade 4 pupils of Southville 8. This research aims to delve into the stakeholders insights regarding the homework practices for Grade 4 students in Southville 8. By understanding the perspectives of parents, teachers, and students, this study seeks to identify potential challenges and areas for improvement in the current homework system. Educational experience for Grade 4 students while aligning with the school's educational goals and the well-being of its learners. The researcher used a qualitative research design, and the researchers interviewed and engaged in focus group discussions to elicit meaningful views on the role, advantages, and disadvantages of homework. The participants had mixed views, with some perceiving homework as an essential reinforcement of learning in class and a means of instilling responsibility, and others complaining of the added workload it impose on young learners, particularly those who come from less supportive home backgrounds. Qualitative techniques, such as interviewing and open-ended questionnaires, were employed in investigating individual feelings, problems, coping mechanisms, and preferences. In integrating both, the study aimed to be able to incorporate the views of parents, educators, and pupils; this research hopes to know some possible weaknesses and areas where improvements can be made in today's homeworking system. Ultimately, the aim is to optimize homework assignments to promote an overall better educational experience for Grade 4 pupils while being consistent with the aims of the education of the school and the welfare of its students. The researchers recommend that students participate in class discussions and consult teachers, parents, and peers when they are working on homework. Parents must support them and remain connected with teachers and administrators. Teachers should sustain best practices and develop systems of regular feedback to assess the homework habits of their students. Future researchers must study how various dimensions of assignment scope affect the learning achievements of students and the opinions of stakeholders from various perspectives.
650 _2Perception of the Stakeholders' Parents, Teachers, and School Officials on the assignment of homework to grade 4 pupils of Southville 8
700 _aLampasa, Mary Rose M.
_eResearcher
700 _aSebelina, Charlene A.
_eResearcher
700 _aFerdinand C. Gimeno, MAT
_eAdviser
942 _2lcc
_cT
999 _c86804
_d86802